| 000 | 00777nas a2200241 4500 | ||
|---|---|---|---|
| 001 | BR9203842 | ||
| 003 | BR-BrBNA | ||
| 005 | 20231205095106.0 | ||
| 007 | ta | ||
| 008 | 230509b bl.|||p| |||| 00| 00por d | ||
| 040 |
_aBR-BrBNA _bpor _cBiblioteca Nacional de Agricultura |
||
| 041 | _a(Pt) | ||
| 072 | _aL73 | ||
| 100 | 1 | _aPires, P.P. | |
| 100 | 1 | _aLopes, C.N.G. | |
| 245 | 1 | _aEspecies de Eimeria (Apicomplexa: eimeriidae)em caprinos anglo-nubianos no estado do Rio de Janeiro | |
| 650 | _aCaprino | ||
| 650 | _aHospedeiro Animal | ||
| 650 | _aDoenca | ||
| 773 | 0 |
_tArquivos da Universidade Federal Rural do Rio de Janeiro (Brazil) _xISSN 0100-2481 _g(Jan-Dec 1985), v. 8(1-2) p. 71-79 _wBR9203842 |
|
| 909 |
_a202311 _bLúcia _c55 _dLúcia Elande |
||
| 942 |
_2AGRIS _n0 _cANA |
||
| 999 |
_c148659 _d148659 |
||